Normal view
MARC view
- Alvarado Tezozomoc, Fernando,
Entry Nombre Personal
001 - NUMERO DE CONTROL
- campo de control: 29345
003 - IDENTIFICADOR DE NUMERO DE CONTROL
- campo de control: UPN
005 - FECHA Y HORA DE LA ÜLTIMA TRANSACCIÓN
- campo de control: 20210219194402.0
008 - DATOS DE LONGITUD FIJA
- campo de control de longitud fija: nabaccnnaabn|||||||||| b |nc|||||d
035 ## - NUMERO DE CONTROL
- Número de control: UPN11000001451
040 ## - FUENTE DE CATALOGACIÓN
- Lenguaje de catalogación: SPA
- Agencia de transcripción: UPN
100 1# - ENCABEZAMIENTO - NOMBRE PERSONAL
- Nombre personal: Alvarado Tezozomoc, Fernando,
- Fechas asociadas con el nombre: ca. 1525
400 1# - VEÁSE - NOMBRE DE PERSONA
- Personal name: Tezozómoc, Hernado de Alvarado,
- Dates associated with a name: 1519-1598?
670 ## - FUENTE EN LA QUE SE LOCALIZARON DATOS
- Cita de la fuente: T
- Información localizada: Diccionario Porrúa de historia, biografía y geografía de México
680 ## - NOTA PUBLICA DE ACCESO PÚBLICO
- Frase explicativa de la referencia: Indígena mexicano
902 ## - CATALOGADOR
- Catalogador: DAA/160508
